All Billie Eilish Songs (August 2024) - Statistics

General Stats
  • This quiz has been taken 143 times
  • The average score is 43 of 62
Answer Stats
Hint Answer % Correct
bad guy
94%
WILDFLOWER
92%
BIRDS OF A FEATHER
89%
BLUE
89%
LUNCH
87%
2024 ocean eyes
87%
TV
86%
CHIHIRO
85%
Happier Than Ever
85%
2019 idontwannabeyouanymore
85%
THE DINER
85%
Guess featuring Billie Eilish (with Charli xcx)
83%
SKINNY
83%
L'AMOUR DE MA VIE
80%
THE GREATEST
80%
BITTERSUITE
79%
2018 COPYCAT
79%
you should see me in a crown
79%
i love you
77%
The 30th
76%
What Was I Made For?
76%
all the good girls go to hell
75%
2021 watch
75%
xanny
75%
lovely (with Khalid)
74%
wish you were gay
74%
!!!!!!! &burn (with Vince Staples)
73%
NDA
73%
2023 bellyache
71%
ilomilo
71%
8
70%
bury a friend
68%
goodbye
68%
Male Fantasy
68%
Therefore I Am
68%
listen before i go
67%
No Time To Die
65%
when the party's over
65%
2020 my boy
64%
my future
64%
GOLDWING
63%
2015 hostage
63%
my strange addiction
63%
Oxytocin
63%
I Didn't Change My Number
62%
everything i wanted
61%
Getting Older
60%
Halley's Comet
60%
2016 Six Feet Under
60%
Billie Bossa Nova
58%
2017 Bored
58%
Not My Responsibility
58%
2022 party favor
58%
OverHeated
56%
Your Power
56%
bitches broken hearts
55%
Lost Cause
51%
come out and play
50%
Everybody Dies
48%
hotline (edit)
46%
WHEN I WAS OLDER
44%
Lo Vas A Olvidar (with ROSALÍA)
40%
No matching quizzes found
Score Distribution
Percent of People with Each Score
Percentile by Number Answered
Your Score History
You have not taken this quiz